000 00790cac a2200229 a 4500
003 CO-PeBPM
005 20251112125603.0
008 231129s1999||||ck a||||||||||||| ||spa||
020 _a9589190081
040 _aCO-PeBPM
_bspa
_cCO-PeBPM
_erda
041 _aspa
082 0 4 _a158 W482t
_222
100 1 _aWeor, Samael Aun
_eautor
245 1 0 _aTratado de psicologia revolucionaria
_c/ Samael Aun Weor
250 _aCuarta impresión
260 _aBogotá, Colombia
_b: Movimiento Gnostico Cristiano Universal
_c, 1990
300 _a189 páginas
_bilustraciones a blanco y negro
_c19 centimetros
500 _aIncluye índice al final del texto
500 _aContiene biografía del autor
650 1 4 _a Psicología aplicada
_2LEMB
942 _2ddc
_cBK
999 _c25622
_d25622